000 00542nam a2200181 a 4500
005 20140310183214.0
008 081111s19uu xx 00 eng d
050 _aRC 81.A2
_b.N434 1996 vol.4
100 _aWagman, Richard, edited by
245 _aThe new complete medical and health encyclopedia /
260 _aChicago :
_bJ.G. Ferguson Publishing Co,
_c1996.
300 _a344
650 _aMedical and Heath encyclopedia.
650 _aMedical encyclopedia.
650 _aHealth encyclopedia.
942 _cBK
_2lcc
999 _c20197
_d20197